Music Quiz

Random Music or Kpop Quiz

Seventeen Members: Older or Younger Quiz Stats

 Plays Quiz not verified by Sporcle

Challenge
Share
Tweet
Embed
Score 0/13 Timer 01:30
2 Plays Today
Hint 'Older'/'Younger' % Correct
The8???
100%
Joshua???
86.5%
Vernon???
84.3%
S.coups???
83.4%
Dino???
81.6%
Woozi???
76.5%
Seungkwan???
76.4%
Jun???
74.2%
DK???
65.6%
Mingyu???
64.6%
Hoshi???
57.6%
Jeonghan???
51%
Wonwoo???
49.8%

You're not logged in!

Compare scores with friends on all Sporcle quizzes.
OR
Log In

You Might Also Like...

Show Comments

Extras

Created May 3, 2016ReportNominate
Tags:Kpop Quiz, Kpop Quiz

Top Quizzes Today


Score Distribution

Your Account Isn't Verified!

In order to create a playlist on Sporcle, you need to verify the email address you used during registration. Go to your Sporcle Settings to finish the process.

Report this User

Report this user for behavior that violates our Community Guidelines.

Details: